| 000 | 00514nam a2200217 4500 | ||
|---|---|---|---|
| 001 | 7847 | ||
| 010 | _a9724102181 | ||
| 090 | _a7847 | ||
| 100 | _a20160217 frey50 | ||
| 101 | _apor | ||
| 102 | _aPT | ||
| 200 |
_aA gaivota do mar _fMaria Maya _gil.Paula Oliveira |
||
| 205 | _a2ยช ed | ||
| 210 |
_aPorto _cAsa _d1997 |
||
| 215 |
_a45 p. _cil. ;21 cm |
||
| 225 |
_aAsa juvenil _v38 |
||
| 675 |
_a087.5 _vBN _zpor |
||
| 700 |
_aMaya, _bMaria |
||
| 702 |
_aOliveira, _bPaula _4440 |
||
| 801 |
_aPT _gRPC |
||
| 990 | _cLIVROS | ||